Films tournés à Marseille. - Statistiques

Statistiques générales
  • Ce quiz a été pris 57 fois
  • Le résultat moyen est 10 sur 19
Statistiques - réponses
Hint Extra Hint Réponse % Correct
Film avec Frédéric Diefenthal et Samy Nacéri. Fait partie d'une série. 1998 Taxi
83%
Film d'Yves Robert relatif à la vie de Marcel Pagnol. Adaptation du cycle des "Souvenirs d'enfance". 1990 Le Château de ma mère
65%
Film avec Jean Dujardin, qui y incarne le juge Pierre Michel. 2014 La French
60%
Film dans lequel est prononcé la fameuse réplique "Tu me fends le coeur !" 1931 Marius
60%
Film de Noël comico-romantique britannique écrit et réalisé par Richard Curtis. Réunit Emma Thompson, Hugh Grant, Liam Neeson, Colin Firth. 2003 Love Actually
58%
Film réalisé par Steven Spielberg. Réuni Léonardo di Caprio et Nathalie Baye ainsi que Tom Hanks. 2002 Attrape-moi si tu peux
56%
Film de Jacques Deray qui rassembla Jean-Paul Belmondo et Alain Delon. 1970 Borsalino
56%
Film de Jean-Jacques Beineix avec Jean-Hugues Anglade et Béatrice Dalle. 1986 37°2 le matin
54%
Film américano-germano-tchèque réalisé par Doug Liman. Fait partie d'une série. Rôle principal: Jason Bourne interprété par Matt Damon. 2002 La Mémoire dans la peau
50%
Film réalisé par Louis Leterrier et Corey Yuen. Il réunit Jason Statham et François Berléand. Il aura deux suites. 2002 Le Transporteur
50%
Film de Michel Blanc avec Michel Blanc et Gérard Lanvin. 1984 Marche à l'ombre
50%
Film de Bertrand Blier avec Josiane Balasko, Gérard Depardieu et Carole Bouquet. 1989 Trop belle pour toi
50%
Film de William Friedkin avec Gene Hackman, Roy Scheider et Fernando Rey. 1971 French Connection
48%
Film de Jean-Pierre Melville avec Bourvil et Alain Delon. Avant dernier film de Bourvil. 1970 Le Cercle rouge
44%
Film de Robert Guédiguian avec Ariane Ascaride. Sélectionné au Festival de Cannes 1997 dans la section Un certain regard. 1997 Marius et Jeannette
44%
Film mythique de Jean-Luc Godard avec Jean-Paul Belmondo et Jean Seberg. 1960 À bout de souffle
42%
Film de Jacques Deray dans lequel Jean-Paul Belmondo joue le rôle du commissaire divisionnaire Philippe Jordan. 1983 Le Marginal
38%
Film de Jean-Pierre Melville avec Lino Ventura, Simone Signoret et Paul Meurisse. 1969 L'Armée des ombres
33%
Film de Marcel Pagnol avec Fernandel et Fernand Charpin. 1938 Le Schpountz
31%
Aucun quiz correspondant
Distribution des résultats
% des personnes avec chaque résultat
Percentile par nombre de réponses
Votre historique - résultats
Vous n’avez pas pris ce quiz